Влияние степени компактирования реакционной смеси на неизотермический синтез пентаферрита лития; Вестник Казанского технологического университета; № 2

Bibliografiske detaljer
Parent link:Вестник Казанского технологического университета.— , 1997-
№ 2.— 2010.— [С. 204-207]
Andre forfattere: Суржиков А. П. Анатолий Петрович, Притулов А. М. Александр Михайлович, Лысенко Е. Н. Елена Николаевна, Соколовский А. Н. Алексей Николаевич, Власов В. А. Виталий Анатольевич, Васендина Е. А. Елена Александровна
Summary:Заглавие с экрана
В работе методом термоанализа (ДСК) показано, что при переходе от порошковых образцов механической смеси реагентов к таблетированным под давлением 33 МПа эффективность синтеза возрастает вдвое. Дальнейшее по-вышение давления прессования до 300 МПа увеличивает скорость синтеза на 30 %. Компактирование активирует твердофазное разложение карбоната лития в реакционной смеси.
Режим доступа: по договору с организацией-держателем ресурса
Sprog:russisk
Udgivet: 2010
Fag:
Online adgang:http://elibrary.ru/item.asp?id=13085812
Format: Electronisk Book Chapter
KOHA link:https://koha.lib.tpu.ru/cgi-bin/koha/opac-detail.pl?biblionumber=649279

MARC

LEADER 00000naa0a2200000 4500
001 649279
005 20250304095338.0
035 |a (RuTPU)RU\TPU\network\14441 
035 |a RU\TPU\network\14437 
090 |a 649279 
100 |a 20160628d2010 k||y0rusy50 ca 
101 0 |a rus 
102 |a RU 
135 |a drcn ---uucaa 
181 0 |a i  
182 0 |a b 
200 1 |a Влияние степени компактирования реакционной смеси на неизотермический синтез пентаферрита лития  |f А. П. Суржиков [и др.] 
203 |a Текст  |c электронный 
300 |a Заглавие с экрана 
320 |a [Библиогр.: с. 207 (2 назв.)] 
330 |a В работе методом термоанализа (ДСК) показано, что при переходе от порошковых образцов механической смеси реагентов к таблетированным под давлением 33 МПа эффективность синтеза возрастает вдвое. Дальнейшее по-вышение давления прессования до 300 МПа увеличивает скорость синтеза на 30 %. Компактирование активирует твердофазное разложение карбоната лития в реакционной смеси. 
333 |a Режим доступа: по договору с организацией-держателем ресурса 
461 |t Вестник Казанского технологического университета  |d 1997- 
463 |t № 2  |v [С. 204-207]  |d 2010 
610 1 |a электронный ресурс 
610 1 |a труды учёных ТПУ 
610 1 |a пентаферрит лития 
610 1 |a синтез 
610 1 |a термический анализ 
701 1 |a Суржиков  |b А. П.  |c физик  |c профессор Томского политехнического университета, доктор физико-математических наук  |f 1951-  |g Анатолий Петрович  |3 (RuTPU)RU\TPU\pers\22010  |9 9307 
701 1 |a Притулов  |b А. М.  |c специалист в области электротехники  |c ведущий научный сотрудник Томского политехнического университета  |f 1947-  |g Александр Михайлович  |3 (RuTPU)RU\TPU\pers\28169  |9 13127 
701 1 |a Лысенко  |b Е. Н.  |c специалист в области электротехники  |c профессор Томского политехнического университета, доктор технических наук  |f 1972-  |g Елена Николаевна  |3 (RuTPU)RU\TPU\pers\26532  |9 12226 
701 1 |a Соколовский  |b А. Н.  |c российский учёный в области электроники, диэлектриков и полупроводников  |c старший научный сотрудник  |g Алексей Николаевич  |3 (RuTPU)RU\TPU\pers\28170  |9 13128 
701 1 |a Власов  |b В. А.  |c физик  |c старший научный сотрудник Томского политехнического университета, кандидат физико-математических наук  |f 1975-  |g Виталий Анатольевич  |3 (RuTPU)RU\TPU\pers\31366  |9 15538 
701 1 |a Васендина  |b Е. А.  |c специалист в области электротехники  |c доцент Томского политехнического университета, инженер, кандидат технических наук  |f 1975-  |g Елена Александровна  |3 (RuTPU)RU\TPU\pers\28171  |9 13129 
801 2 |a RU  |b 63413507  |c 20161007  |g RCR 
856 4 |u http://elibrary.ru/item.asp?id=13085812 
942 |c CF